Continuing Professional Development Programme Plant and Machinery Valuation (11 - 12 June 1990)

Bibliographic Details
Format: Book
Subjects:
Online Access:http://app.inspen.gov.my:7779/pls/portal/docs/PAGE/CORPORATEPAGES/PORTAL_INSPEN/NOTA_KURSUS/CPD/FB.PDF

MARC

LEADER 00000cam a2200000 7i4500
001 0000007073
005 20071126.0
040 |a INS 
090 0 0 |a CPD01 
245 0 0 |a Continuing Professional Development Programme Plant and Machinery Valuation (11 - 12 June 1990) 
500 |a Digital document is available on-line; Please click the URL below 
650 0 0 |a Continuing Professional Development 
650 0 0 |a Plant and machinery   |x Valuation 
856 |u http://app.inspen.gov.my:7779/pls/portal/docs/PAGE/CORPORATEPAGES/PORTAL_INSPEN/NOTA_KURSUS/CPD/FB.PDF 
999 |a CPD0000002   |b BOOK   |c Course Notes   |e Default branch